| 000 | 00801nam a22002057a 4500 | ||
|---|---|---|---|
| 999 |
_c57746 _d57746 |
||
| 005 | 20221107165456.0 | ||
| 008 | 201022s2019 enk||||| |||| 00| 0 eng d | ||
| 020 | _a9781789905281x | ||
| 041 | _ageo | ||
| 080 | _a338.48 H-22 | ||
| 245 |
_aHandbook of human resource management in the tourism and hospitality Industries / _cEdited by Ronald J. Burke, Julia Ch. Hughes. |
||
| 264 |
_aCheltenham : _bEdward elgar publishing, _c2018. |
||
| 300 |
_a429 p.; _b22 cm. |
||
| 653 | _aმენეჯმენტი | ||
| 653 | _aტურიზმი | ||
| 653 | _aსტუმარ მასპინძლობის ინდუსტრია | ||
| 700 |
_aBurke, Ronald J. _eრედაქტორი _99657 |
||
| 700 |
_aHughes, Julia Ch. _eრედაქტორი _99658 |
||
| 942 |
_2udc _cBK |
||